000 00546nam a2200181Ia 4500
003 GCL
008 140319s9999 xx 000 0 ara d
040 _aGCL /
_cGCL
082 0 4 _a215
_bا ك
100 1 _aابوبكر جابر الجزائرى
245 1 0 _aكتاب المسجد ديبة المسلم /
_cابوبكر جابر الجزائرى
260 _a[S.N] :
_bمكتبة السنة للنشر والتوزيع ،
_c1993
300 _a382
490 _a
650 0 4 _aالاسلام
650 0 4 _aالمساجد
942 _2ddc
_cBK
999 _c54070
_d54070